| 000 | 00730nam a2200193Ii 4500 | ||
|---|---|---|---|
| 003 | JO-AjNU | ||
| 008 | 230605s9999||||xx |||||||||||||| ||und|| | ||
| 040 |
_aJO-AjNU _bara _erda _cJO-AjNU |
||
| 041 | _aara | ||
| 050 | 1 | 4 | _aPJ7840 2014 |
| 100 | 3 |
_aتأليف المغربي، محمد هشام, _eauthor _947673 |
|
| 245 | 0 | 0 | _aمن سيرة البلبل الغريب (ثلاث مجموعات شعرية) |
| 264 | 3 | 1 | _aالكويت:المجلس الوطني للثقافة والفنون والآداب،2014 |
| 300 | _a207ص | ||
| 336 |
_atext _btxt _2rdacontent |
||
| 337 |
_aunmediated _bn _2rdamedia |
||
| 338 |
_avolume _bnc _2rdacarrier |
||
| 650 | 4 |
_aالشعر العربي -العصر الحديث - الكويت _947674 |
|
| 999 |
_aA20827 _c24395 _d24395 |
||